Poľsko - zaujímavý obchodný partner. 2 Podnikanie so zahraničím

Právne podmienky podnikania v Poľskej republike. Investovanie v Poľsku. Založenie obchodnej spoločnosti. Zákon o hospodárskej činnosti a ďalšie predpisy. Najzákladnejšie informácie z poľského daňového systému. Prevod zisku a iných peňažných zdrojov z Poľska do SR. Šance slovenských podnikateľov získ...

ver descrição completa

Na minha lista:
Detalhes bibliográficos
Autor principal: Plaňavová, J.
Outros Autores: Pudil, Leopold
Formato: Capítulo de Livro
Idioma:eslovaco
Assuntos:
Tags: Adicionar Tag
Sem tags, seja o primeiro a adicionar uma tag!

MARC

LEADER 00000naa a2200000 4500
001 r019773
005 20230919112418.7
041 0 |a slo 
044 |a SK 
245 1 0 |a Poľsko - zaujímavý obchodný partner. 2  |b Podnikanie so zahraničím  |c J. Plaňavová, Leopold Pudil 
520 |a Právne podmienky podnikania v Poľskej republike. Investovanie v Poľsku. Založenie obchodnej spoločnosti. Zákon o hospodárskej činnosti a ďalšie predpisy. Najzákladnejšie informácie z poľského daňového systému. Prevod zisku a iných peňažných zdrojov z Poľska do SR. Šance slovenských podnikateľov získať verejnú zákazku v Poľsku. Colný systém, colná politika. Dovoz do Poľska. Možnosť nájsť si zamestnanie v Poľsku. Miera nezamestnanosti v Poľsku. 
610 2 0 |a Poľsko 
610 2 0 |a Slovensko 
610 2 0 |a podnikanie v zahraničí 
610 2 0 |a podmienky obchodné 
610 2 0 |a spoločnosti obchodné 
610 2 0 |a predpisy daňové 
610 2 0 |a predpisy colné 
610 2 0 |a podnikatelia 
610 2 0 |a investori 
610 2 0 |a zákazky 
610 2 0 |a miera nezamestnanosti 
100 1 |a Plaňavová, J. 
700 1 |a Pudil, Leopold